| 000 | 01895nam a2200385 4500 | ||
|---|---|---|---|
| 001 | 114019 | ||
| 003 | DR-UNIBE | ||
| 005 | 20250807062548.0 | ||
| 008 | 250806b2025 dr ||||| |||| 00| 1 spa d | ||
| 020 | _a9789945246094 | ||
| 040 |
_aBIBLIOTECA UNIBE _bspa _cBIBLIOTECA UNIBE _erda |
||
| 041 | _aspa | ||
| 090 | _aFBIU-L-CI AN629m | ||
| 100 | 1 | 0 |
_aAntigua, Kianny N., _d1979- _939277 _eautor |
| 245 | 1 | 0 |
_aMía y un mundo de amistades / _cKianny N. antigua ; ilustraciones: José Amado Polanco, Stalin Núñez, Erika Soto Salcedo; dirección editorial: Claudia Llibre; dirección de arte y producción: Moisés Kelly Santana ; Subdirección de arte: Lilian Salcedo Fernández; edición: Jorge Luis Zamora; corrección de estilo: Gisela Vargas Ortega; diagramación: Ana Gómez Otaño |
| 250 | _aPrimera edición | ||
| 260 |
_aSanto Domingo: _bLoqueleo : _bSantillana, _c2025 |
||
| 300 |
_a68 páginas : _bilustraciones a color ; _c19 x 13 cm |
||
| 490 |
_aSerie Morada / Cuento / Colección Mía y Esteban ; _v+ 8 |
||
| 500 | _aIncluye datos del autor al final de la obra y comentario de la misma en la contraportada | ||
| 653 | 7 | _aCuentos infantiles domincanos | |
| 653 | 7 | _aAmistad - Cuentos infantiles dominicanos | |
| 653 | 7 | _aAlfabeto - Cuentos infantiles dominicanos | |
| 653 | 7 | _aLiteratura infantil dominicana | |
| 700 | 1 | 0 |
_aPolanco, José Amado _953388 _eilustrador |
| 700 | 0 |
_aNúñe, Stalin _eilustrador _953478 |
|
| 700 | 1 | 0 |
_aSoto Salcedo, Erika _9198231 _eilustrador |
| 700 | 1 | 0 |
_aLlibre, Claudia _9115216 _edirector editorial |
| 700 | 1 | 0 |
_aKelly Santana, Moisés _9115217 _edirector de arte _eproducción |
| 700 | 1 | 0 |
_aSalcedo Fernández, Lilian _9115218 _esubdirector de arte |
| 700 | 1 | 0 |
_aZamora, Jorge Luis _9155167 _eeditor |
| 700 | 1 | 0 |
_aVargas Ortega, Gisela _9185539 _ecorrector de estilo |
| 700 | 1 | 0 |
_aGómez Otaño, Ana _9115219 _edigramador |
| 942 |
_2ddc _cBK |
||
| 999 |
_c114019 _d114019 |
||